Malé sklárske odvetvie potiahli lídri

Slovenské sklárstvo a jeho pozícia na trhu úžitkového skla. Špecializácia, produkcia a počet zamestnaných ľudí v sklárskom priemysle. Spolupráca, inovácie, technológie a konkurencieschopnosť slovenského sklárstva. Trhy a zisky.

Salvato in:
Dettagli Bibliografici
Autore principale: Jesný, Martin
Natura: Capitolo di libro
Lingua:slovacco
Soggetti:
Tags: Aggiungi Tag
Nessun Tag, puoi essere il primo ad aggiungerne!!

MARC

LEADER 00000naa a2200000 4500
001 0211920
005 20231011123756.0
041 0 |a slo 
044 |a SK 
245 1 0 |a Malé sklárske odvetvie potiahli lídri  |c Martin Jesný 
520 |a Slovenské sklárstvo a jeho pozícia na trhu úžitkového skla. Špecializácia, produkcia a počet zamestnaných ľudí v sklárskom priemysle. Spolupráca, inovácie, technológie a konkurencieschopnosť slovenského sklárstva. Trhy a zisky. 
610 2 0 |a Slovensko 
610 2 0 |a priemysel sklársky 
610 2 0 |a odvetvia priemyselné 
610 2 0 |a sklo 
610 2 0 |a výroba 
610 2 0 |a produkcia 
610 2 0 |a zamestnanosť 
610 2 0 |a zisk obchodný 
100 1 |a Jesný, Martin